000 00851nam a2200229Ia 4500
005 20250108124916.0
008 008 250107s9999 xx 000 0 hin d
020 _a978-81-967513-8-8
037 _aTB
040 _aCRL
_bhin
_cCRL
041 _amar
_2hin
084 _aO168,1L27:g P7
084 _qCRL
100 _aठाकुर, वा. वा., संपा.
245 0 _aहोलकरशाहीचा इतिहास: इ. स. 1797 ते 1886
_cठाकुर, वा. वा., संपा.
260 _aमुंबई, भारत
_bमहाराष्ट्र राज्य साहित्य आणि संस्कृती मंडल
_c2631
300 _a380पृ0
365 _aINR
_b250
650 _aइतिहास
942 _cTB
_hO168,1L27:g P7
999 _c1235019
_d1235019